Inversión, demanda y rentabilidad de la actividad hotelera. Ley de promoción y fomento turístico de la provincia de Córdoba Nº 7232 (Registro nro. 25480)

Detalles MARC
000 -LEADER
fixed length control field 00455 a2200121 4500
001 - CONTROL NUMBER
control field ART_11337
005 - DATE AND TIME OF LATEST TRANSACTION
control field 20260410161856.0
008 - FIXED-LENGTH DATA ELEMENTS--GENERAL INFORMATION
fixed length control field 260409a
100 1# - MAIN ENTRY--PERSONAL NAME
Personal name Sonnet, Fernando H.
245 10 - TITLE STATEMENT
Title Inversión, demanda y rentabilidad de la actividad hotelera. Ley de promoción y fomento turístico de la provincia de Córdoba Nº 7232
700 1# - ADDED ENTRY--PERSONAL NAME
Personal name Blanco, Alfredo F.
773 0# - HOST ITEM ENTRY
Title Revista de Economía
Related parts - Nº 42/43 (jun. 1985)
Record control number REV11077

No hay ítems disponibles.